| 000 | 00890nam a22001817a 4500 | ||
|---|---|---|---|
| 003 | UA-OsUOA | ||
| 001 | 15655 | ||
| 007 | ta | ||
| 008 | 20031130b un ||||| |||| 00| 0 ukr d | ||
| 100 | _aКічатий Ю. | ||
| 942 | _cSA | ||
| 040 |
_aUA-OsUOA _cUA-OsUOA _dUA-OsUOA |
||
| 245 |
_a"Молодь за здоров'я": [Рівнен. делегація побувала в Канаді за програмою канад. т-ва міжнар. охорони здоров'я .Інтерв'ю з одним із чл. делегації - заст. голови облдержадміністрації Ю.Кічатим] _cЮ. Кічатий; /Інтерв'ю записав А.Бабінець |
||
| 300 | _aС.1,3 | ||
| 955 | _a0 | ||
| 773 | 0 |
_w0 _tВільне слово _dРівне _d2003 _g№93/21 лист./ |
|
| 650 | 7 |
_aКраєзнавча робота _2UDC |
|
| 999 |
_c301820 _d301820 |
||